书目信息 |
| 题名: |
Nuke经典课堂
|
|
| 作者: | 姜厚智 主编 | |
| 分册: | ||
| 出版信息: | 北京 清华大学出版社 2025.04 |
|
| 页数: | 289页 | |
| 开本: | 26cm | |
| 丛书名: | ||
| 单 册: | ||
| 中图分类: | J932-39 | |
| 科图分类: | ||
| 主题词: | 电影--电视--后期制作(节目)--图象处理软件 | |
| 电子资源: | ||
| ISBN: | 978-7-302-68381-0 | |
| 000 | 01035nam0 2200229 450 | |
| 001 | 013179734 | |
| 005 | 20251023100131.05 | |
| 010 | @a978-7-302-68381-0@dCNY99.00 | |
| 100 | @a20250428d2025 em y0chiy0120 ea | |
| 101 | 0 | @achi |
| 102 | @aCN@b110000 | |
| 105 | @aa z 000yy | |
| 106 | @ar | |
| 200 | 1 | @aNuke经典课堂@9Nuke jing dian ke tang@f姜厚智[等]主编 |
| 210 | @a北京@c清华大学出版社@d2025.04 | |
| 215 | @a289页@c图@d26cm | |
| 330 | @a本书将Nuke的相关知识进行了体系化整理,以清晰的逻辑,从基础概念和界面导航开始,引导读者逐步掌握Nuke的核心功能和高级合成技术。通过丰富的示例和实践项目,读者将学习到如何使用Nuke进行图像处理、修复、合成和特效制作等各个方面的技术。书中也将深入探讨Nuke的高级功能和扩展插件,以及如何最大限度地提高工作效率和质量。同时,本书还将分享一些实践中的技巧和经验,帮助读者在实际项目中应对各种挑战和需求。 | |
| 606 | 0 | @a电影@x电视@x后期制作(节目)@x图象处理软件 |
| 690 | @aJ932-39@v5 | |
| 701 | 0 | @a姜厚智@9jiang hou zhi@4主编 |
| 801 | 0 | @aCN@c20250911 |
| 905 | @a河南城建学院图书馆@dJ932@eJ519@ZJ519@f1 | |
| Nuke经典课堂/姜厚智[等]主编.-北京:清华大学出版社,2025.04 |
| 289页:图;26cm |
| ISBN 978-7-302-68381-0:CNY99.00 |
| 本书将Nuke的相关知识进行了体系化整理,以清晰的逻辑,从基础概念和界面导航开始,引导读者逐步掌握Nuke的核心功能和高级合成技术。通过丰富的示例和实践项目,读者将学习到如何使用Nuke进行图像处理、修复、合成和特效制作等各个方面的技术。书中也将深入探讨Nuke的高级功能和扩展插件,以及如何最大限度地提高工作效率和质量。同时,本书还将分享一些实践中的技巧和经验,帮助读者在实际项目中应对各种挑战和需求。 |
| ● |
| 相关链接 |
|
|
|
正题名:Nuke经典课堂
索取号:J932/J519
 
预约/预借
| 序号 | 登录号 | 条形码 | 馆藏地/架位号 | 状态 | 备注 |
| 1 | 1635602 | 216356020 | 社科库309/309社科库 98排2列6层/ [索取号:J932/J519] | 在馆 |